[Event "CRO-chT U20 30th"]
[Site "Rabac"]
[Date "2021.04.07"]
[Round "4.4"]
[White "Duda, Daniel1111"]
[Black "Cecic Sule, Dino"]
[Result "1-0"]
[WhiteElo "1968"]
[BlackElo "1770"]
[PlyCount "63"]
[EventDate "2021.04.06"]
[EventType "team-tourn"]
[EventRounds "11"]
[EventCountry "CRO"]
[SourceTitle "CBM 201 Extra"]
[Source "ChessBase"]
[SourceDate "2021.05.31"]
[SourceVersion "1"]
[SourceVersionDate "2021.05.31"]
[SourceQuality "1"]
[WhiteTeam "Rijeka Liburnija U20"]
[BlackTeam "Split Mornar U20"]
[WhiteTeamCountry "CRO"]
[BlackTeamCountry "CRO"]

1. d4 d5 2. Nf3 Nf6 3. Bf4 c5 4. e3 Nc6 5. Nbd2 Qb6 6. dxc5 Qxc5 7. Nb3 Qb6 8. Be2 g6 9. 0-0 Bg7 10. Ne5 0-0 11. c4 Nxe5 12. Bxe5 dxc4 13. Bxc4 Bg4 14. Qd4 Qxd4 15. Bxd4 Rfc8 16. Rac1 Bd7 17. Rfd1 Ba4 18. f3 b5 19. Be2 a6 20. Rxc8+ Rxc8 21. Rc1 Rxc1+ 22. Nxc1 Bc2 23. Nd3 Nd5 24. Bxg7 Bxd3 25. Bxd3 Kxg7 26. Kf2 Nb4 27. Bb1 e5 28. Ke2 f5 29. Kd2 Kf6 30. a3 Nc6 31. Bd3 Ke6 32. a4 1-0

[Event "CRO-chT U20 29th"]
[Site "Cakovec"]
[Date "2020.07.19"]
[Round "11.1"]
[White "Cecic Sule, Dino"]
[Black "Jaksic, Josip"]
[Result "1-0"]
[WhiteElo "1695"]
[BlackElo "1616"]
[PlyCount "81"]
[EventDate "2020.07.14"]
[EventType "team-tourn"]
[EventRounds "11"]
[EventCountry "CRO"]
[SourceTitle "CBM 197 Extra"]
[Source "ChessBase"]
[SourceDate "2020.09.30"]
[SourceVersion "1"]
[SourceVersionDate "2020.09.30"]
[SourceQuality "1"]
[WhiteTeam "Split Mornar U20"]
[BlackTeam "Zadar Casper U20"]
[WhiteTeamCountry "CRO"]
[BlackTeamCountry "CRO"]

1. d4 Nf6 2. Nf3 e6 3. c4 d5 4. Nc3 Be7 5. Bf4 0-0 6. e3 b6 7. Rc1 c5 8. Be2 dxc4 9. Bxc4 Ba6 10. Bxa6 Nxa6 11. 0-0 Nb4 12. Qe2 Nbd5 13. Bg3 Qd7 14. Rfd1 Qb7 15. Nxd5 Nxd5 16. a3 Rac8 17. h3 Rfd8 18. dxc5 Bxc5 19. e4 Nf6 20. Rxd8+ Rxd8 21. b4 Bf8 22. Bh4 Be7 23. Qc4 h6 24. Ne5 g5 25. Nc6 gxh4 26. Nxd8 Bxd8 27. Qc8 Qe7 28. Rd1 Nxe4 29. Qxd8+ Qxd8 30. Rxd8+ Kg7 31. Ra8 Nc3 32. Rxa7 Nd5 33. Rb7 Kf6 34. a4 Nxb4 35. Rxb6 Nd5 36. Rb7 Nc3 37. a5 Ne4 38. a6 Nc5 39. Rb6 Nd7 40. Rd6 Ke7 41. Rxd7+ 1-0

[Event "CRO-chT U20 29th"]
[Site "Cakovec"]
[Date "2020.07.18"]
[Round "10.5"]
[White "Mahecic, Lovre"]
[Black "Cecic Sule, Dino"]
[Result "1-0"]
[WhiteElo "1977"]
[BlackElo "1695"]
[PlyCount "65"]
[EventDate "2020.07.14"]
[EventType "team-tourn"]
[EventRounds "11"]
[EventCountry "CRO"]
[SourceTitle "CBM 197 Extra"]
[Source "ChessBase"]
[SourceDate "2020.09.30"]
[SourceVersion "1"]
[SourceVersionDate "2020.09.30"]
[SourceQuality "1"]
[WhiteTeam "Sveta Nedelja U20"]
[BlackTeam "Split Mornar U20"]
[WhiteTeamCountry "CRO"]
[BlackTeamCountry "CRO"]

1. c4 e5 2. Nc3 Nf6 3. g3 d5 4. cxd5 Nxd5 5. Bg2 Nxc3 6. bxc3 Bd6 7. d3 0-0 8. Nf3 h6 9. 0-0 Nc6 10. a4 Qe7 11. Nd2 Be6 12. Ne4 f5 13. Nxd6 cxd6 14. Ba3 Qd7 15. d4 exd4 16. cxd4 Bc4 17. Rc1 Ba6 18. Re1 Rfe8 19. e3 d5 20. Rb1 b6 21. Qh5 Kh7 22. Rec1 Na5 23. Bb4 g6 24. Qf3 Bd3 25. Qxd5 Qxd5 26. Bxd5 Rad8 27. Rc7+ Kh8 28. Rd1 Be2 29. Re1 Rxd5 30. Rxe2 Kg8 31. Rec2 g5 32. Rxa7 f4 33. Rcc7 1-0

[Event "CRO-chT U20 29th"]
[Site "Cakovec"]
[Date "2020.07.17"]
[Round "8.5"]
[White "Cecic Sule, Dino"]
[Black "Dankos, Mislav"]
[Result "1-0"]
[WhiteElo "1695"]
[BlackElo "1274"]
[PlyCount "69"]
[EventDate "2020.07.14"]
[EventType "team-tourn"]
[EventRounds "11"]
[EventCountry "CRO"]
[SourceTitle "CBM 197 Extra"]
[Source "ChessBase"]
[SourceDate "2020.09.30"]
[SourceVersion "1"]
[SourceVersionDate "2020.09.30"]
[SourceQuality "1"]
[WhiteTeam "Split Mornar U20"]
[BlackTeam "Osijek Ferit U20"]
[WhiteTeamCountry "CRO"]
[BlackTeamCountry "CRO"]

1. d4 d5 2. Nf3 Nf6 3. Bf4 Bf5 4. e3 Nc6 5. c3 Nh5 6. Qb3 Rb8 7. Nbd2 Nxf4 8. exf4 f6 9. Nh4 Be6 10. g3 Bf7 11. Nf5 e6 12. Ne3 e5 13. fxe5 fxe5 14. dxe5 Nxe5 15. Qa4+ Nc6 16. Bg2 Qd7 17. 0-0 b5 18. Qd1 Bc5 19. Re1 0-0 20. Nb3 Bxe3 21. Rxe3 Ne7 22. Qd2 Ng6 23. Rae1 Qd6 24. Qd4 c6 25. f4 a5 26. f5 Nh8 27. Nc5 Rfe8 28. Ne6 Bxe6 29. Rxe6 Qd7 30. Qe5 Kf8 31. f6 Kf7 32. Qh5+ Ng6 33. Re7+ Kxf6 34. Rxd7 Rxe1+ 35. Kf2 1-0

[Event "CRO-chT U20 26th"]
[Site "Sv Filip i Jakov"]
[Date "2018.04.07"]
[Round "10.12"]
[White "Mesar, Vedran"]
[Black "Cecic Sule, Dino"]
[Result "1/2-1/2"]
[WhiteElo "1638"]
[BlackElo "1390"]
[PlyCount "21"]
[EventDate "2018.04.03"]
[EventType "team-swiss"]
[EventRounds "11"]
[EventCountry "CRO"]
[SourceTitle "CBM 184 Extra"]
[Source "ChessBase"]
[SourceDate "2018.06.28"]
[SourceVersion "1"]
[SourceVersionDate "2018.06.28"]
[SourceQuality "1"]

1. e4 e5 2. Nf3 Nc6 3. Bc4 Bc5 4. 0-0 Nf6 5. d3 0-0 6. c3 d6 7. Nbd2 Be6 8. Bb5 Ne7 9. Qe2 c6 10. Ba4 b5 11. Bc2 1/2-1/2

[Event "CRO-chT U20 26th"]
[Site "Sv Filip i Jakov"]
[Date "2018.04.05"]
[Round "6.20"]
[White "Markovic, Franjo Josip"]
[Black "Cecic Sule, Dino"]
[Result "1-0"]
[WhiteElo "2034"]
[BlackElo "1390"]
[PlyCount "113"]
[EventDate "2018.04.03"]
[EventType "team-swiss"]
[EventRounds "11"]
[EventCountry "CRO"]
[SourceTitle "CBM 184 Extra"]
[Source "ChessBase"]
[SourceDate "2018.06.28"]
[SourceVersion "1"]
[SourceVersionDate "2018.06.28"]
[SourceQuality "1"]

1. d4 d5 2. c4 e6 3. Nf3 Nf6 4. g3 Be7 5. Bg2 0-0 6. 0-0 Nbd7 7. Qc2 b6 8. cxd5 Nxd5 9. a3 c5 10. e4 N5f6 11. Nc3 Bb7 12. Rd1 cxd4 13. Nxd4 Bc5 14. Nb3 Qe7 15. Nxc5 Nxc5 16. b4 Na6 17. Bb2 Rfd8 18. Qe2 Ne8 19. e5 Bxg2 20. Kxg2 Nac7 21. Qe4 Rxd1 22. Rxd1 Rd8 23. Rd4 f6 24. exf6 Nxf6 25. Qh4 Rxd4 26. Qxd4 Qd7 27. Qxd7 Nxd7 28. Ne4 h6 29. h4 Nd5 30. Kf3 g6 31. Ke2 Kf7 32. Nd6+ Ke7 33. Nc8+ Kd8 34. Nxa7 Kc7 35. Nb5+ Kc6 36. Nd4+ Kd6 37. Nb5+ Kc6 38. Nd4+ Kd6 39. Nc2 Kc6 40. a4 Kd6 41. Kd3 e5 42. Bc1 h5 43. Bg5 Nf8 44. Kc4 Ne6 45. Be3 Nxe3+ 46. Nxe3 Kc6 47. Nd5 g5 48. hxg5 Nxg5 49. b5+ Kb7 50. Nf6 Nh3 51. Ne4 Ng1 52. Kd5 Nf3 53. Kd6 Ka7 54. Kc6 Nd4+ 55. Kc7 Ne6+ 56. Kd6 Nc5 57. Nxc5 1-0

[Event "CRO-chT U20 26th"]
[Site "Sv Filip i Jakov"]
[Date "2018.04.04"]
[Round "4.24"]
[White "Tukovic, Dario"]
[Black "Cecic Sule, Dino"]
[Result "1/2-1/2"]
[WhiteElo "1526"]
[BlackElo "1390"]
[PlyCount "57"]
[EventDate "2018.04.03"]
[EventType "team-swiss"]
[EventRounds "11"]
[EventCountry "CRO"]
[SourceTitle "CBM 184 Extra"]
[Source "ChessBase"]
[SourceDate "2018.06.28"]
[SourceVersion "1"]
[SourceVersionDate "2018.06.28"]
[SourceQuality "1"]

1. d4 d5 2. c4 e6 3. Nc3 Nf6 4. Bg5 Be7 5. e3 Nbd7 6. cxd5 exd5 7. Bd3 h6 8. Bh4 c6 9. Qc2 0-0 10. Nf3 Re8 11. 0-0 Ne4 12. Bxe7 Qxe7 13. Rab1 a5 14. Nd2 f5 15. Rfe1 Ndf6 16. f3 Nxd2 17. Qxd2 Qd6 18. Bc2 b5 19. e4 fxe4 20. fxe4 dxe4 21. Nxe4 Nxe4 22. Rxe4 Rxe4 23. Bxe4 Be6 24. Rc1 Bd5 25. Qe3 Bxe4 26. Qxe4 Rd8 27. Rxc6 Qxd4+ 28. Qxd4 Rxd4 29. Rc2 1/2-1/2

[Event "Hvar op U15"]
[Site "Hvar"]
[Date "2017.09.29"]
[Round "1"]
[White "Cecic Sule, Dino"]
[Black "Jankovic, Antonio"]
[Result "1/2-1/2"]
[WhiteElo "1362"]
[BlackElo "1630"]
[PlyCount "99"]
[EventDate "2017.09.29"]
[EventType "swiss"]
[EventRounds "5"]
[EventCountry "CRO"]
[SourceTitle "EXT 2019"]
[Source "ChessBase"]
[SourceDate "2018.10.10"]
[SourceVersion "1"]
[SourceVersionDate "2018.10.10"]
[SourceQuality "1"]

1. d4 Nf6 2. c4 g6 3. Nc3 d5 4. cxd5 Nxd5 5. e4 Nxc3 6. bxc3 Bg7 7. Nf3 0-0 8. Bc4 c5 9. Be3 Bg4 10. e5 Nc6 11. Be2 Qa5 12. Bd2 Rfd8 13. h3 Bxf3 14. Bxf3 Nxe5 15. dxe5 Bh6 16. 0-0 Bxd2 17. Qc2 Qxc3 18. Qxc3 Bxc3 19. Rac1 Bb4 20. Bxb7 Rab8 21. Bf3 Rd2 22. a4 a5 23. Rfd1 Rbd8 24. Kf1 e6 25. Rxd2 Rxd2 26. Be2 Rd5 27. f4 Bd2 28. Rc4 Rd4 29. Rxd4 cxd4 30. g3 Kg7 31. Kf2 g5 32. Kf3 f6 33. Ke4 gxf4 34. gxf4 f5+ 35. Kf3 Kf7 36. Bc4 Ke7 37. Bb5 Kd8 38. Bc4 Kd7 39. Bb5+ Kc7 40. Bc4 Kd7 41. Bb5+ Ke7 42. Bc4 Bc1 43. Kg3 h6 44. Bb5 Kd8 45. Bc4 Kd7 46. Bb5+ Ke7 47. Bc4 Kd7 48. Bb5+ Ke7 49. Bc4 Bd2 50. Bb5 1/2-1/2